| 000 | 00847nas a2200265 4500 | ||
|---|---|---|---|
| 001 | BR2011005512 | ||
| 003 | BR-BrBNA | ||
| 005 | 20231205115624.0 | ||
| 007 | ta | ||
| 008 | 230509b bl.|||p| |||| 00| 00por d | ||
| 040 |
_aBR-BrBNA _bpor _cBiblioteca Nacional de Agricultura |
||
| 041 | _a(Pt) | ||
| 072 | _aF03 | ||
| 100 | 1 | _aRenner, G.D.R. | |
| 100 | 1 | _aCamacho, F. | |
| 100 | 1 | _aPeixe, S. | |
| 245 | 1 | _aAção da temperatura, ácido giberélico e luz na germinação de sementes de fáfia - Pfaffia glomerata (Spreng.)Pedersen | |
| 650 | _aSEMENTE | ||
| 650 | _aPLANTA MEDICINAL | ||
| 650 | _aGERMINAÇÃO | ||
| 650 | _aÁCIDO GIBERÉLICO | ||
| 773 | 0 |
_tSemina. Ciências Agrárias (Brazil) _xISSN 1676-546X _g(Jul-Sep 2007), v. 28(3) p. 349-354 _wBR2011005512 |
|
| 909 |
_a202311 _bLúcia _c55 _dLúcia Elande |
||
| 942 |
_2AGRIS _n0 _cANA |
||
| 999 |
_c214850 _d214850 |
||